Представление документа в формате MARC21

Поле Инд. ПП Название Значение
Тип записи a
Библиографический уровень m
001 Контрольный номер d7f3d123c4a84d3b9f9fd25159d6923e
005 Дата корректировки 20260402093952.2
008 Кодируемые данные 260313|||||||||ru |||||||||||||||||rus||
020 a ISBN 978-5-907905-13-9 (общ.)
020 a ISBN 978-5-907905-54-2 (Ч.2)
041 0_ a Код языка текста rus
084 a Индекс другой классификации/Индекс ББК 28.707.3я73
090 a Полочн. индекс 28.707
x Авторский знак П 69
203 a Вид содержания Текст
c Тип средства непосредственное
245 10 a Заглавие Практикум по нормальной физиологии
n Номер части/ раздела Часть 2
b Продолж. заглавия учебное пособие для обучающихся по специальности 31.05.01 "Лечебное дело"
c Ответственность Министерство науки и высшего образования Российской Федерации, Федеральное государственное автономное образовательное учреждение высшего образования "Мурманский арктический университет" ; автор-составитель Л. В. Полуднякова
260 a Место издания Мурманск
b Издательство МАУ
c Дата издания 2025
300 a Объем 87 с.
b Иллюстрации/ тип воспроизводства ил.
500 a Примечание Имеется электрон. аналог 2026 г.
520 0_ a Аннотация Учебное пособие направлено на практическое закрепление теоретических знаний и формирование умений и навыков в области нормальной физиологии. Пособие включает материал для проведения практических занятий и содержит основные теоретические вопросы для подготовки к занятиям, описание практических работ с рекомендациями по их оформлению, тесты для самоконтроля, список рекомендованной литературы. Издание адресовано студентам высших медицинских учебных заведений, обучающимся по направлению 31.05.01 "Лечебное дело"
583 x Служебное примечание Лечебное дело. ВПО
z Открытое примечание 31.05.01
650 04 a Основная рубрика Физиология человека-Учебные издания для высших учебных заведений
653 0_ a Ключевые слова Физиология выделения
a Ключевые слова Физиология дыхания
a Ключевые слова Физиология желез внутренней секреции
a Ключевые слова Физиология крови
a Ключевые слова Физиология кровообращения
a Ключевые слова Физиология пищеварения
700 12 a Другие авторы Полуднякова Л. В.
e Роль лиц Составитель
700 12 a Другие авторы Мурманский арктический университет
e Роль лиц Издатель
900 a Имя макрообъекта Практикум по нормальной физиологии 2
901 t Тип документа m
952 b Гриф литературы для ВШ Рекомендовано Учебно-метод. советом МАУ
c Вид литературы учебное пособие